Unique Names Of National Legislatures - Statistics

General Stats
  • This quiz has been taken 50 times
  • The average score is 8 of 13
Answer Stats
Name Location's % Correct
Knesset Jerusalem, Israel
92%
Duma Moscow, Russia
92%
Folketing or Christiansborg Copenhagen, Denmark
87%
Althing (Alþingi) Reykjavik, Iceland
74%
Riksdagen Stockholm, Sweden
72%
Seima House (House of the Livonian Noble Corporation) Riga, Latvia
69%
Oireachtas Dublin, Ireland
59%
Great Hall Of The People Beijing, China
56%
The Storting Oslo, Norway
54%
State Great Khural Ulaan Baatar, Mongolia
49%
Batasan (Batasang Pambansa) Quezon City, The Philippines
46%
Binnenhof The Hague, Netherlands
46%
Rada Kiev, Ukraine
36%
No matching quizzes found
Score Distribution
Percent of People with Each Score
Percentile by Number Answered
Your Score History
You have not taken this quiz